Planes de manejo para la conservación de 22 especies focales de plantas en el Departamento del Valle del Cauca. (Registro nro. 8615)

Detalles MARC
000 -CABECERA
Campo de control 01311nam a22002777a 4500
005 - FECHA Y HORA DE LA ULTIMA TRANSACCION
Campo de control 20200104041627.0
008 - ELEMENTOS DE LONGITUD FIJA—INFORMACION GENERAL
Campo de control 140821|2011 xxu||||| |||| 00| 0 ck spa d
020 ## - ISBN
ISBN 9789588332529
040 ## - FUENTE DE CATALOGACIÓN
Agencia catalogadora original CO-BoIAVH
Agencia transcriptora CO-BoIAVH
041 ## - IDIOMA
Código de idioma para texto/pista de sonido o título separado Español
044 ## - PAÍS DE PUBLICACIÓN
País de publicación Colombia
082 ## - NUMERO DE CLASIFICACION DECIMAL DEWEY
Número de clasificación 582
Número del ítem C82p
110 ## - ASIENTO PRINCIPAL--NOMBRE CORPORATIVO
Nombre corporativo o de jurisdicción como elemento de entrada Corporación Autónoma Regional del Valle del Cauca - CVC
Unidad subordinad Corporación Autónoma Regional Valle del Cauca - CVC
245 ## - MENCION DE TITULO
Título Planes de manejo para la conservación de 22 especies focales de plantas en el Departamento del Valle del Cauca.
Mención de responsabilidad Corporación Autónoma Regional Valle del Cauca-CVC.
260 ## - PUBLICACION, DISTRIBUCION, ETC. (PIE DE IMPRENTA)
Lugar de publicación, distribución, etc. Santiago de Cali, Colombia
Nombre del editor, distribuidor, etc. Corporación Autónoma Regional Valle del Cauca-CVC
-- Fundación Gaia Servicio Ambientales
-- Fundación Agua Viva-FUNAGUA
Fecha de publicación, distribución, etc. 2011
300 ## - DESCRIPCION FISICA
Extensión 258 p.
Otros detalles físicos Fot (col), gráficas, tablas, mapas.
Dimensiones 24 cm.
504 ## - NOTA DE BIBLIOGRAFIA, ETC.
Nota de bibliografía Incluye referencias bibliográficas (pag 250-257)
650 #6 - ASIENTO SECUNDARIO DE MATERIA - TERMINO TEMATICO
Término temático o nombre geográfico como elemento de entrada Botánica.
650 #6 - ASIENTO SECUNDARIO DE MATERIA - TERMINO TEMATICO
Término temático o nombre geográfico como elemento de entrada Vegetación y clima.
650 #6 - ASIENTO SECUNDARIO DE MATERIA - TERMINO TEMATICO
Término temático o nombre geográfico como elemento de entrada Estudio de la naturaleza.
700 ## - ASIENTO SECUNDARIO - NOMBRE PERSONAL
Nombre personal Rodríguez-Torres, Héctor Julio
Término de relación Ed.
700 ## - ASIENTO SECUNDARIO - NOMBRE PERSONAL
Nombre personal Payán-Beron, Felipe Eugenio
Término de relación Ed.
700 ## - ASIENTO SECUNDARIO - NOMBRE PERSONAL
Nombre personal Salazar-Valencia, Martha Lucía
Término de relación Ed.
710 2# - ASIENTO SECUNDARIO - NOMBRE CORPORATIVO
Nombre corporativo o de jurisdicción como elemento de entrada Corporación Autónoma Regional del Valle del Cauca - CVC
942 ## - ELEMENTOS ADICIONALES (KOHA)
Sistema de clasificación Dewey Decimal Classification
Tipo de ítem Libro
Koha issues (borrowed), all copies 2
Existencias
Withdrawn status Lost status Sistema de Clasificación Damaged status No para préstamo Colección Inventariado Ubicación Permanente Ubicación actual Fecha de adquisición Fuente de Valor Valor Total Checkouts Número topográfico Inventario / Código de Barras Date last seen Date checked out Ejemplar Price effective from Forma de adquisición Tipo de material
    Dewey Decimal Classification     General Inventariado 2017 Bogotá Bogotá 21/08/2014 Instituto 39000.00 2 LB-582 C82p 034385 14/12/2016 14/12/2016 Ej. 1 21/08/2014   Libro